Normal view
MARC view
Entry Personal Name
001 - CONTROL NUMBER
- control field: 23598
003 - CONTROL NUMBER IDENTIFIER
- control field: OSt
005 - DATE AND TIME OF LATEST TRANSACTION
- control field: 20210319105742.0
008 - FIXED-LENGTH DATA ELEMENTS
- fixed length control field: 210319|| aca||aabn | a|a d
040 ## - CATALOGING SOURCE
- Original cataloging agency: OSt
- Transcribing agency: OSt
100 ## - HEADING--PERSONAL NAME
- Personal name: Yeshodhara, K.
670 ## - SOURCE DATA FOUND
- Source citation: Work cat.: (OSt): Yeshodhara, K., Role of NGO,s in promoting non-formal environment education : , 2005
